000 00834nam a2200253Ia 4500
001 21955
005 20260320113328.0
008 260320s9999||||xx |||||||||||||| ||und||
020 _a9788461475049
041 _aINGE
082 _a728
_bM84
100 _aMontaner, Josep Maria,
_eAUT
245 0 _aHerramientas para habitar el presente :
_bla vivienda del siglo XXI
246 _a
_5
_bMuxí, Zaida; Falagán, David H.
260 _aBarcelona :
_bMaster de la Vivienda del Siglo XXI,
_c2011
300 _a209 páginas :
_bilustraciones ;
_c24 cm.
_e
440 _a
_n
_v
650 _aABD
653 _aEdificios recidenciales
654 _aCAU
700 _a
_c
856 _uhttps://www-architectureopenlibrary-com.ucsp.lookproxy.com/eng
_zVéase además: Base de datos Architecture Open Library
942 _cLIB
_dJUS
_fMIP
_2ddc
_n
999 _c21955
_d21955